| 000 | 01422aam a2200337 i 4500 | ||
|---|---|---|---|
| 001 | 768714001 | ||
| 003 | CO-MdFUSB | ||
| 005 | 20240924152008.0 | ||
| 007 | ta | ||
| 008 | 240918t2005 -us||||| |||| 001 0 spa d | ||
| 020 | _a978-8054-3276-3 | ||
| 040 |
_bspa _cCO-MdFUSB _dCO-MdFUSB |
||
| 041 | 0 | _aspa | |
| 082 | 0 | 4 |
_223 _a291 _bB823 |
| 100 | 1 |
_aBraswell Jr., George W. _eautor |
|
| 240 | _aUnderstanding World Religions | ||
| 245 | 1 | 0 |
_aGuía Holman de religiones del mundo : _bcon capítulos especiales sobre el Islam y el cristianismo _c/ George W. Braswell, Jr. ; traducido por Leticia Calçada |
| 264 | 1 |
_bBroadman and Holman Publishers, _aNashville, Tennessee _c[2005] |
|
| 264 | 4 | _c©2005 | |
| 300 |
_a207 páginas _c; 22 cm |
||
| 336 |
_atexto _btxt _2rdacontent |
||
| 337 |
_2rdamedia _asin mediación _bn |
||
| 338 |
_2rdacarrier _avolumen _bnc |
||
| 500 | _aIncluye índice | ||
| 505 | _aPanorama de los pueblos y sus religiones. -- Hinduismo - Budismo. -- Tradiciones religiosas chinas y japonesas. -- Judaísmo. -- Cristianismo. -- Islamismo. -- Otras tradiciones religiosas. -- Religiones en acción: estudio del Medio Oriente y de Irán. -- Perspectivas cristianas y religiones del mundo. -- Ejercicios para la reflexión. | ||
| 563 | _aRústica | ||
| 650 | 1 | 7 |
_aReligiones _9386 |
| 700 |
_aCalçada, Leticia _96120 _etraductor |
||
| 942 | _cBK | ||
| 945 | _aCatherine Arias Alvarez | ||
| 999 |
_c42582 _d42582 |
||